000 00403nam a2200169Ia 4500
005 20240823011405.0
008 240823s9999||||xx |||||||||||||| ||und||
082 _A621. P1
100 _aArumugam M
245 0 _aEngineering Physics
250 _a2nd
260 _c2001
_b"Anuradha,Kumbakonam"
500 _aYES
650 _aEngineering Physics
_bInstrumentation
942 _cBK
999 _c161399
_d161399